Two ancient Egyptian ships' logs : Papyrus Leiden I 350 verso, and Papyrus Turin 2008 + 2016.

محفوظ في:

المؤلف الرئيسي: Janssen, Jacobus Johannes.

مؤلفون مشاركون: Rijksmuseum van Oudheden te Leiden., Museo egizio di Torino.

التنسيق: كتاب

اللغة: English

منشور في: Leiden : Brill, 1961.

سلاسل: Rijksmuseum van Oudheden te Leiden. Oudheidkundige mededeelingen ; n.s. v. 42.

الموضوعات:

الوسوم: إضافة وسم

لا توجد وسوم, كن أول من يضع وسما على هذه التسجيلة!

رقم الطلب: PJ1681 .L7 1961

LEADER 00793nam a22002417a 4500
003 OSt
005 20251027094628.0
008 251027t1961 ne h b 000 0 eng d
040 |c ARCE Library 
050 1 4 |a PJ1681  |b .L7 1961 
100 1 |a Janssen, Jacobus Johannes. 
245 1 0 |a Two ancient Egyptian ships' logs :   |b Papyrus Leiden I 350 verso, and Papyrus Turin 2008 + 2016. 
264 1 |a Leiden :   |b Brill,   |c 1961. 
300 |a  x, 114 p. :   |b facsims. ;   |c 29 cm. 
490 0 |a Rijksmuseum van Oudheden te Leiden. Oudheidkundige mededeelingen ; n.s. v. 42. 
504 |a Bibliography: p. [106]-111. 
650 0 |a Logbooks. 
650 0 |a Papyri. 
710 2 |a Rijksmuseum van Oudheden te Leiden. 
710 2 |a Museo egizio di Torino. 
901 |a reviewed 
942 |2 lcc  |c BK 
999 |c 50359  |d 50359